| 000 | 00733nam a2200229 a 4500 | ||
|---|---|---|---|
| 001 | 23181 | ||
| 003 | CO-ViMGA | ||
| 008 | 141112s2004 ck r 000 u spa d | ||
| 020 | _a9789702611301 | ||
| 040 |
_aCO-ViMGA _bspa _cCO-ViMGA |
||
| 082 | 0 | 4 | _a658 A517a |
| 100 | 1 |
_aAmaru Maximiano, Antonio Cesar _933407 |
|
| 245 | 1 | 0 |
_aAdministracion para emprendedores : _bFundamentos para la creacion y gestion de nuevos negocios |
| 260 |
_aMéxico : _bPearson |
||
| 300 | _a256p. | ||
| 650 | 1 | 4 |
_aADMINISTRACION DE EMPRESAS _92735 |
| 650 | 1 | 4 |
_aADMINISTRACION DE PROYECTOS _91914 |
| 650 | 1 | 4 |
_aNEGOCIOS - ADMINISTRACION _933408 |
| 650 | 1 | 4 |
_aNUEVAS EMPRESAS _947656 |
| 650 | 1 | 4 |
_aPLANIFICACION DE PROYECTOS _915183 |
| 942 |
_2ddc _cBK |
||
| 999 |
_c31434 _d31434 |
||